| 000 | 00703nam a2200229 4500 | ||
|---|---|---|---|
| 003 | OSt | ||
| 005 | 20260601171009.0 | ||
| 008 | 260508b2001\\\\|||a||||\||||\00|\0\spa\d | ||
| 020 | _a0970877900 | ||
| 040 |
_aICI _bspa _cICI |
||
| 050 |
_aNA1309.B3 _bB37 |
||
| 100 | 1 |
_aThackara; John _919125 |
|
| 245 | 1 |
_aBarcelona+ / _bHalftitle: BCN+ _c[book concept and graphic design, Ramon Prat ; translation, Graham Thompson] |
|
| 264 |
_bACTAR Publishers _c2001 _aEspaƱa |
||
| 300 | _a/ | ||
| 336 |
_atexto _2rdacontent |
||
| 337 |
_asin medio _2rdamedia |
||
| 338 |
_avolumen _2rdacarrier |
||
| 700 | 1 |
_aPrat, Ramon, _ecolaborados _932718 |
|
| 700 | 1 |
_aThompson, Graham, _etraductor _932719 |
|
| 942 |
_2lcc _cB _n1 |
||
| 999 |
_c20396 _d20396 |
||